[Event "Barcelona Sant Marti op-B 4th"]
[Site "Barcelona"]
[Date "2015.02.19"]
[Round "6"]
[White "Serentill Tost, Eduard"]
[Black "Bastida Perez, Joan"]
[Result "1-0"]
[WhiteElo "1891"]
[BlackElo "1700"]
[PlyCount "83"]
[EventDate "2015.01.15"]
[EventType "swiss"]
[EventRounds "9"]
[EventCountry "ESP"]
[SourceTitle "EXT 2016"]
[Source "ChessBase"]
[SourceDate "2015.10.08"]
[SourceVersion "1"]
[SourceVersionDate "2015.10.08"]
[SourceQuality "1"]

1. e4 e5 2. Nf3 Nc6 3. Bb5 a6 4. Ba4 Nf6 5. 0-0 b5 6. Bb3 Be7 7. Re1 0-0 8. c3 d5 9. exd5 Nxd5 10. Nxe5 Nxe5 11. Rxe5 c6 12. d4 Bd6 13. Re1 Qh4 14. g3 Qh3 15. Qf3 Bg4 16. Qg2 Qh5 17. Nd2 Rae8 18. Rxe8 Rxe8 19. f3 Bh3 20. Qf2 Kh8 21. Ne4 Bc7 22. Bd2 Re6 23. Re1 h6 24. Nc5 Rxe1+ 25. Bxe1 Qg5 26. Bc2 f5 27. Ne6 Qe7 28. Nxc7 Nxc7 29. Bd2 Nd5 30. Qe1 Qf7 31. Qe5 Kg8 32. Qd6 Qe8 33. Kf2 h5 34. Bb3 Qf7 35. Qxc6 Qe7 36. Bxd5+ Kh7 37. Qxa6 h4 38. Qxb5 Qc7 39. Bf4 Qe7 40. Qb7 hxg3+ 41. hxg3 Qe8 42. Be5 1-0